000 00738nam a2200229Ii 4500
003 JO-AjNU
008 230605s9999||||xx |||||||||||||| ||und||
017 _a1997/8309
020 _a977-01-5557-5
040 _aJO-AjNU
_bara
_erda
_cJO-AjNU
041 _aara
050 1 4 _aPJ7850 1997
100 3 _aمحسب، حسن,
_eauthor
_957043
245 0 0 _aالمصير
264 3 1 _aالقاهرة: الهيئية المصرية العامة للكتاب، 1997
300 _a229ص
336 _atext
_btxt
_2rdacontent
337 _aunmediated
_bn
_2rdamedia
338 _avolume
_bnc
_2rdacarrier
490 0 _a الاعمال الابداعية: مهرجان القراءة للجميع
650 4 _aالقصص العربية
_957044
999 _aA25539
_c29107
_d29107